000 00539nam a2200169 i 4500
001 56876
003 ES-MaACL
005 20230906163448.0
007 t|
008 031014s1972 sp ||||1| spa d
100 1 _aDobb, Maurice.
_944930
245 1 3 _aEl desarrollo de la economía soviética desde 1971 /
_cMaurice Dobb ; [traducción de la 6ª edición inglesa por Angel de Lucas].
260 _aMadrid :
_bTecnos,
_c[1972]
300 _a510 p. ;
_c24 cm.
700 1 _aLucas, Angel de.
_974522
852 _aES-MaACL
_jC-44516
_bR.83687
999 _c56876
_d56876